| 000 | 00400nam a2200157 i 4500 | ||
|---|---|---|---|
| 001 | bg | ||
| 100 | 1 | _aRACHMATULIN, C.A. | |
| 245 | 0 |
_aRasprostranenie voln deformacij / _cC.A. Rachmatulin, N. Zubaev, T. Ormonbekov. |
|
| 260 |
_aFrunze, _c1985. |
||
| 700 | 1 | _aZUBAEV, N. | |
| 700 | 1 | _aORMONBEKOV, T. | |
| 040 | _cBPK | ||
| 041 | _apol | ||
| 942 | _cKS | ||
| 008 | s pl f |000 0 pol | ||
| 999 |
_c23610 _d23610 |
||
| 856 |
_uhttp://koha.tu.koszalin.pl/cgi-bin/koha/opac-detail.pl?biblionumber=23610 _yKatalog online BPK |
||